000 00542nam a22002057a 4500
003 UA-OsUOA
001 12879
007 ta
008 20050531b un ||||| |||| 00| 0 ukr d
100 _aДенисова Т.
942 _cSA
040 _aUA-OsUOA
_bukr
_cUA-OsUOA
_dUA-OsUOA
245 _aНаука "Компаративістика" в сучасному трактуванні
300 _aС.24 - 31
955 _a0
041 _aukr
044 _aUA
773 0 _w0
650 7 _aЛітературознавство
_2UDC
999 _c299040
_d299040